000 00734cam a22002653a 4500
001 31614
003 PGUSA
005 20140828083701.0
008 100312s2010||||xxu|||||s|||||000 | eng d
040 _aPGUSA
_beng
042 _adc
050 4 _aHD
100 1 _aLuxemburg, Rosa,
_d1871-1919
245 1 0 _aMassenstreik, Partei und Gewerkschaften
_h[electronic resource] /
_cRosa Luxemburg
260 _bProject Gutenberg,
_c2010
506 _aPublic domain in the USA.
516 _aElectronic text
653 _aStrikes and lockouts
653 _aGeneral strikes
653 _aLabor unions
653 _aSocialism
830 0 _aProject Gutenberg
_v31614
856 4 0 _uhttp://www.gutenberg.org/ebooks/31614
942 _cEB
999 _c260869
_d260869